000 01121nam0a2200313 4500
001 RU\NLR\BIBL_A\012116913
005 20191025153535.0
010 _a978-5-17-096194-8
_92000
021 _aRU
_bКН-П-19-069936
_9КН-П-19-5043
035 _a(NLR Aleph) 012116913
035 _a(RuMoRGB)010101869
090 _a11972567
_c11972567
100 _a20191010d2019 u y0rusy50 ca
101 1 _arus
_ceng
102 _aRU
105 _ay z 000ay
200 1 _aИногда любовь подводит
_e[роман]
_fМэтью Квик
_g[перевод с английского Марины Тогобецкой]
210 _aМосква
_cАСТ
_cЖанровая литература
_d2019
215 _a383 с.
_d21
320 _aДр. книга авт. на 4-й с. обл.
333 _a18+
686 1 _aШ6(7США)67-440.4{Лх1979-50}
700 1 _aКвик
_bМ.
_f1973-
_gМэтью
_3RU\NLR\AUTH\770212245
942 _cBOOK
980 _aNBR
980 _aNB